| 000 | 00748cam7a220018100 4500 | ||
|---|---|---|---|
| 001 | zam00009811 | ||
| 008 | 970717n xx eng u | ||
| 035 | _a(Sirsi) r139811 | ||
| 040 | _dUPRA | ||
| 100 |
_aDubey, Prakash. _6A105030.1 |
||
| 245 | 1 | 0 | _aLets learn about Hindu Dharma. |
| 260 |
_aKitwe : _bVishava Hindu parishad, _c1991. |
||
| 520 | _aPresents a brief analysis of Hindu thought together with a series of selections from hindu spiritual classics. It also presents reintegration of Hindu modern in light of modern knowledge to suit present needs. | ||
| 650 | 4 |
_aReligion. _6S23505.1 |
|
| 650 | 4 |
_aHidnuism -- Religious Institution. _xHidnuism -- Religious Institution. _6S76068.1 |
|
| 949 | 1 | 0 |
_mINESOR _tBOOK _lON-SHELF |
| 004 | 139811 | ||
| 999 |
_c28419 _d28419 |
||